000 00684nam a2200193Ii 4500
003 JO-AjNU
008 230605s9999||||xx |||||||||||||| ||und||
040 _aJO-AjNU
_bara
_erda
_cJO-AjNU
041 _aara
050 1 4 _aTP165 1984
100 3 _aمجاهد ، محمد محمد/م مشارك محمد يوسف بكر ,
_eauthor
_934581
245 0 0 _aمبادئ في الكيمياء الصناعية للمهندسين
264 3 1 _aبيروت:دار الراتب الجامعية ، 1984
300 _a166ص
336 _atext
_btxt
_2rdacontent
337 _aunmediated
_bn
_2rdamedia
338 _avolume
_bnc
_2rdacarrier
650 4 _aالكيمياء الصناعية
_934582
999 _aA14194
_c17762
_d17762